États des États-Unis sans voyelle. - Statistiques

Statistiques générales
  • Ce quiz a été pris 197 fois
  • Le résultat moyen est 39 sur 50
Statistiques - réponses
HINT ANSWER % Correct
M_ss_ss_pp_ Mississippi
100%
K_nt_ck_ Kentucky
94%
C_r_l_n_ d_ N_rd Caroline du Nord
92%
M_nn_s_t_ Minnesota
92%
V_rg_n__ Virginie
92%
M_ch_g_n Michigan
90%
P_nns_lv_n__ Pennsylvanie
90%
C_nn_ct_c_t Connecticut
88%
N_w J_rs__ New Jersey
88%
G__rg__ Géorgie
87%
V_rg_n__-_cc_d_nt_l_ Virginie-Occidentale
87%
C_l_f_rn__ Californie
86%
Rh_d_ _sl_nd Rhode Island
86%
K_ns_s Kansas
85%
N__v___-M_x_q__ Nouveau-Mexique
85%
T_x_s Texas
85%
Fl_r_d_ Floride
84%
H_w__ Hawaï
84%
_ll_n__s Illinois
83%
_l_sk_ Alaska
82%
D_k_t_ d_ S_d Dakota du Sud
82%
N_v_d_ Nevada
82%
C_r_l_n_ d_ S_d Caroline du Sud
81%
N_w Y_rk New York
80%
_kl_h_m_ Oklahoma
80%
T_nn_ss__ Tennessee
80%
C_l_r_d_ Colorado
79%
N_w H_mpsh_r_ New Hampshire
76%
D_k_t_ d_ N_rd Dakota du Nord
75%
D_l_w_r_ Delaware
75%
W__m_ng Wyoming
75%
__w_ Iowa
73%
_h__ Ohio
73%
_rk_ns_s Arkansas
72%
M_nt_n_ Montana
72%
_l_b_m_ Alabama
71%
M_ss_ch_s_tts Massachusetts
71%
V_rm_nt Vermont
71%
W_sh_ngt_n Washington
71%
_t_h Utah
68%
L___s__n_ Louisiane
67%
_r_g_n Oregon
67%
W_sc_ns_n Wisconsin
67%
M__n_ Maine
66%
_d_h_ Idaho
64%
M_ss__r_ Missouri
64%
N_br_sk_ Nebraska
64%
M_r_l_nd Maryland
59%
_nd__n_ Indiana
56%
_r_z_n_ Arizona
54%
Aucun quiz correspondant
Distribution des résultats
% des personnes avec chaque résultat
Percentile par nombre de réponses
Votre historique - résultats
Vous n’avez pas pris ce quiz